Don Quijote en Guanajuato : El afortunado Sancho /

Gorde:
Xehetasun bibliografikoak
Egile nagusia: Piñón, Nélida (autor)
Formatua: Liburua
Hizkuntza:gaztelania
Argitaratua: México : editorial no identificada, 2006
Etiketak: Etiketa erantsi
Etiketarik gabe, Izan zaitez lehena erregistro honi etiketa jartzen!

MARC

LEADER 00000nam^a2200000^a^4500
001 000625703
005 20260220000000.0
009 20260310134020.258
037 |a Acervo ITESO - Biblioteca 
041 |a ESP 
091 |a FOB. 03629 
100 |a Piñón, Nélida  |e (autor) 
245 1 0 |a Don Quijote en Guanajuato :  |b El afortunado Sancho / 
264 1 |a México :  |b editorial no identificada,  |c 2006 
300 |a 12 p. 
336 |a texto  |b txt  |2 rdacontenido 
337 |a sin mediación  |b n  |2 rdamedio 
338 |a volumen  |b nc  |2 rdasoporte 
649 |a XX 
910 |a Fondo Carlos de Obeso Orendain 
920 |a Impresos - Libros 
930 |a Fondos Especiales 
905 |a 147 
901 |a 625703-10  |b IT2  |c ESP  |i D85323  |u 20251210 
902 |a https://opac.biblio.iteso.mx/vufind/Record/000625703